Cultural Impact on Inovations Diffusion Across the European Markets

Modelovanie difúzie inovácií. Normatívny a informačný mechanizmus difúzií inovácií. Segmentačné princípy európskeho trhu s inováciami.

Na minha lista:
Detalhes bibliográficos
Autor principal: Štetka, Peter, 1986-
Formato: Capítulo de Livro
Idioma:inglês
Assuntos:
Tags: Adicionar Tag
Sem tags, seja o primeiro a adicionar uma tag!

MARC

LEADER 00000naa$a2200000$$$4500
001 0215054
005 20240522125827.7
041 0 |a eng 
044 |a SK 
245 1 0 |a Cultural Impact on Inovations Diffusion Across the European Markets  |c Peter Štetka 
520 |a Modelovanie difúzie inovácií. Normatívny a informačný mechanizmus difúzií inovácií. Segmentačné princípy európskeho trhu s inováciami. 
610 2 0 |a individualizmus 
610 2 0 |a inovácia 
610 2 0 |a manažment inovačný 
610 2 0 |a transfer inovácií 
100 1 |a Štetka, Peter, 1986-